[Event "7th EUR-ch"]
[Site "Kusadasi TUR"]
[Date "2006.04.15"]
[Round "11.45"]
[White "Haznedaroglu, Kivanc"]
[Black "Jankovic, Alojzije"]
[Result "0-1"]
[WhiteElo "2455"]
[BlackElo "2516"]
[EventDate "2006.04.04"]
[PlyCount "96"]

1.e4 c5 2.Nf3 d6 3.d4 cxd4 4.Nxd4 Nf6 5.Nc3 Nc6 6.Bg5 e6 7.Bb5 Qb6 8.Be3 
Qc7 9.g4 a6 10.Be2 h6 11.f3 b5 12.Qd2 Ne5 13.a3 Nc4 14.Bxc4 bxc4 15.h4 Rb8
16.Rb1 Bb7 17.Kf2 g6 18.Nde2 h5 19.g5 Nd7 20.f4 f5 21.exf5 Bxh1 22.fxe6 
Qb7 23.exd7+ Kxd7 24.Rxh1 Qxh1 25.Qd4 Be7 26.Nd5 Rhe8 27.f5 gxf5 28.Qa7+ 
Ke6 29.Nef4+ Kf7 30.g6+ Kg7 31.Ne6+ Kxg6 32.Nxe7+ Kf6 33.Nf4 Rxe7 34.Qxb8 
Qxh4+ 35.Kf1 Qh1+ 36.Ke2 Rxe3+ 37.Kxe3 Qe4+ 38.Kf2 Qxf4+ 39.Kg2 Qe4+ 40.
Kg1 Qe3+ 41.Kg2 Ke5 42.Qh8+ Ke4 43.Qa8+ d5 44.Qxa6 Qf3+ 45.Kh2 Qf4+ 46.Kg2
Ke3 47.Qa5 Qe4+ 48.Kg1 Ke2 0-1

[Event "7th EUR-ch"]
[Site "Kusadasi TUR"]
[Date "2006.04.15"]
[Round "11.46"]
[White "Perez Candelario, Manuel"]
[Black "Yeke, Serkan"]
[Result "1-0"]
[WhiteElo "2511"]
[BlackElo "2252"]
[EventDate "2006.04.04"]
[PlyCount "66"]

1.e4 e5 2.Nf3 Nc6 3.Bb5 Nf6 4.d3 Bd6 5.c3 O-O 6.O-O Re8 7.Nbd2 a6 8.Ba4 
Bf8 9.Re1 b5 10.Bb3 Na5 11.Bc2 c5 12.d4 cxd4 13.cxd4 d6 14.b3 exd4 15.Nxd4
Bb7 16.Bb2 g6 17.Qf3 Bg7 18.Rad1 Rc8 19.Bb1 Qe7 20.Qd3 d5 21.e5 Ne4 22.f4 
f5 23.exf6 Qxf6 24.Rf1 b4 25.Nxe4 dxe4 26.Qe3 Rcd8 27.f5 Qb6 28.Rd2 Rd6 
29.fxg6 hxg6 30.Kh1 Nc6 31.Bd3 Na5 32.Be2 Red8 33.Rfd1 Kh7 1-0

[Event "7th EUR-ch"]
[Site "Kusadasi TUR"]
[Date "2006.04.15"]
[Round "11.47"]
[White "Steingrimsson, Hedinn"]
[Black "Iskusnyh, Sergei"]
[Result "0-1"]
[WhiteElo "2447"]
[BlackElo "2510"]
[EventDate "2006.04.04"]
[PlyCount "132"]

1.c4 Nf6 2.Nc3 e5 3.Nf3 d6 4.d4 Nbd7 5.e4 g6 6.Be2 Bg7 7.O-O O-O 8.Be3 Re8
9.d5 Nh5 10.g3 Bf8 11.Ne1 Ng7 12.Ng2 f5 13.f3 Be7 14.exf5 gxf5 15.Qd2 Nf8 
16.f4 Bf6 17.fxe5 Bxe5 18.Bd4 Bd7 19.Bxe5 Rxe5 20.Bd3 Ng6 21.Ne2 Qf6 22.
Rf2 a6 23.a4 Rf8 24.a5 Re7 25.Raf1 Ne5 26.b3 Rfe8 27.h3 Qg6 28.Kh2 Qh5 29.
Nef4 Qg5 30.Bc2 Nh5 31.Nxh5 Nf3+ 32.Rxf3 Qxd2 33.Nf6+ Kh8 34.Nxe8 Re2 35.
Rg1 Rxe8 36.Bd3 Re5 37.Rgf1 Qxa5 38.g4 Kg7 39.Nh4 Qd2+ 40.R1f2 Qe1 41.Ng2 
Qc1 42.Nh4 Qg5 43.Bxf5 Qxh4 44.Bxd7 Re3 45.Be6 Rxb3 46.c5 dxc5 47.g5 Rxf3 
48.Rxf3 c4 49.Kg2 b5 50.Rf7+ Kg6 51.Rxc7 Qxg5+ 52.Kf3 Qc1 53.Ke4 Qc2+ 54.
Kd4 Qf2+ 55.Ke4 Qe2+ 56.Kd4 Qd3+ 57.Kc5 c3 58.Bg8 Qc4+ 59.Kb6 Qxc7+ 60.
Kxc7 c2 61.d6 c1=Q+ 62.Kd8 Qf4 63.Kc7 b4 64.Bd5 Kf6 65.Kc6 a5 66.d7 Ke7 
0-1

[Event "7th EUR-ch"]
[Site "Kusadasi TUR"]
[Date "2006.04.15"]
[Round "11.49"]
[White "Logothetis, Sotirios"]
[Black "Itkis, Boris"]
[Result "0-1"]
[WhiteElo "2298"]
[BlackElo "2490"]
[EventDate "2006.04.04"]
[PlyCount "58"]

1.Nf3 g6 2.e4 Bg7 3.d4 d6 4.Bd3 Nf6 5.O-O O-O 6.c3 c5 7.h3 Na6 8.Re1 Nc7 
9.Bg5 h6 10.Bh4 Nh5 11.Nbd2 cxd4 12.cxd4 Ne6 13.Nb3 Bd7 14.e5 Bc6 15.Be4 
Bxe4 16.Rxe4 dxe5 17.Nxe5 Qd5 18.Qe1 Nhf4 19.f3 g5 20.Bf2 Rfc8 21.Nc5 Nxc5
22.dxc5 Rd8 23.Kh2 Rac8 24.g3 Ne6 25.b4 Bxe5 26.Rxe5 Qxf3 27.Re3 Qc6 28.
Qe2 Nd4 29.b5 Qf6 0-1

[Event "7th EUR-ch"]
[Site "Kusadasi TUR"]
[Date "2006.04.15"]
[Round "11.51"]
[White "Soltanici, Ruslan"]
[Black "Guliev, Sarhan"]
[Result "0-1"]
[WhiteElo "2323"]
[BlackElo "2484"]
[EventDate "2006.04.04"]
[PlyCount "80"]

1.e4 e5 2.Nf3 Nc6 3.Bb5 a6 4.Ba4 Nf6 5.O-O Be7 6.Re1 b5 7.Bb3 d6 8.c3 O-O 
9.h3 Na5 10.Bc2 c5 11.d4 Qc7 12.Nbd2 cxd4 13.cxd4 Bd7 14.Nf1 Rac8 15.Re2 
Rfe8 16.Ng3 Nc6 17.Bg5 exd4 18.Nxd4 h6 19.Bf4 Bf8 20.Rc1 Qb8 21.Ndf5 Ne5 
22.Bb3 a5 23.Rxc8 Rxc8 24.a3 a4 25.Ba2 b4 26.axb4 Qxb4 27.Bd2 Qxb2 28.Bxh6
Qa3 29.Bg5 Nh7 30.Be3 Bb5 31.Rc2 Rxc2 32.Qxc2 Bd3 33.Qd2 Nc4 34.Bxc4 Bxc4 
35.Bd4 Qd3 36.Qb2 a3 37.Qb8 a2 38.Qa7 g6 39.Ne3 Bg7 40.Nxc4 Qb1+ 0-1

[Event "7th EUR-ch"]
[Site "Kusadasi TUR"]
[Date "2006.04.15"]
[Round "11.54"]
[White "Rogic, Davor"]
[Black "Vehi Bach, Victor"]
[Result "1/2-1/2"]
[WhiteElo "2540"]
[BlackElo "2335"]
[EventDate "2006.04.04"]
[PlyCount "97"]

1.e4 c5 2.Nf3 e6 3.d4 cxd4 4.Nxd4 Nf6 5.Nc3 d6 6.Be2 a6 7.O-O Nc6 8.a4 Be7
9.Be3 O-O 10.f4 Qc7 11.Kh1 Re8 12.Bg1 Bf8 13.Qd3 Nxd4 14.Qxd4 e5 15.Qd2 
exf4 16.Rxf4 Be6 17.Raf1 Nd7 18.Nd5 Qc6 19.a5 Ne5 20.c3 Ng6 21.R4f2 Ne5 
22.h3 Be7 23.Rd1 Bxd5 24.Qxd5 Rac8 25.Rff1 Qxd5 26.Rxd5 Rc6 27.Bd1 Rc4 28.
Bd4 Bf8 29.Bb3 Rc7 30.Bb6 Rd7 31.Rd2 Rc8 32.Bd5 Be7 33.Rd4 Bd8 34.Rb4 Bxb6
35.Rxb6 Rcc7 36.Rd1 Kf8 37.Rd4 Nc6 38.Rc4 Nxa5 39.Ra4 Nc6 40.Rxb7 Rxb7 41.
Bxc6 Ke7 42.Bxd7 Kxd7 43.Ra2 a5 44.Kh2 a4 45.Kg3 Ke6 46.Kf4 Rb5 47.h4 h6 
48.g3 Kf6 49.Rxa4 1/2-1/2

[Event "7th EUR-ch"]
[Site "Kusadasi TUR"]
[Date "2006.04.15"]
[Round "11.55"]
[White "Zueger, Beat"]
[Black "Blatny, Pavel"]
[Result "0-1"]
[WhiteElo "2433"]
[BlackElo "2495"]
[EventDate "2006.04.04"]
[PlyCount "63"]

1.c4 e6 2.g3 d5 3.Bg2 c6 4.Qc2 g6 5.Nf3 Bg7 6.d4 f5 7.Bf4 Nd7 8.Nbd2 h6 9.
O-O Ne7 10.Bd6 O-O 11.c5 g5 12.e3 Rf7 13.Ne5 Nxe5 14.dxe5 g4 15.f4 gxf3 
16.Nxf3 Ng6 17.g4 Nh4 18.Nxh4 Qxh4 19.Rf4 Qg5 20.Kh1 Bd7 21.Rg1 fxg4 22.
Rxf7 Kxf7 23.Qb3 b5 24.cxb6 axb6 25.Qxb6 Bxe5 26.Rf1+ Kg6 27.Qc7 Bxd6 28.
Qxd7 Qe5 29.Rf4 h5 30.Qxc6 Rf8 31.Qc2+ Kg5 32.Qd2 0-1

[Event "7th EUR-ch"]
[Site "Kusadasi TUR"]
[Date "2006.04.15"]
[Round "11.57"]
[White "Saric, Ivan"]
[Black "Lopez Martinez, Josep Manuel"]
[Result "1/2-1/2"]
[WhiteElo "2393"]
[BlackElo "2481"]
[EventDate "2006.04.04"]
[PlyCount "75"]

1.e4 e6 2.d4 d5 3.Nc3 Bb4 4.e5 Qd7 5.Qg4 f5 6.Qh5+ Qf7 7.Qf3 b6 8.a3 Bxc3+
9.Qxc3 Qd7 10.Be2 Ba6 11.h4 Ne7 12.h5 h6 13.Qg3 Rg8 14.Bxa6 Nxa6 15.Qd3 
Nb8 16.Be3 Qa4 17.Ne2 Qa6 18.Nf4 Qxd3 19.cxd3 Kf7 20.Ke2 Nd7 21.Rhc1 Rgc8 
22.Rc2 c5 23.Rac1 cxd4 24.Bxd4 Rxc2+ 25.Rxc2 Rc8 26.Rxc8 Nxc8 27.b4 Ne7 
28.b5 g6 29.hxg6+ Nxg6 30.Nxg6 Kxg6 31.f4 h5 32.a4 Kf7 33.Bf2 Ke8 34.d4 
Nf8 35.Kf3 Ng6 36.Be1 Kd7 37.Bb4 Kc8 38.Bd6 1/2-1/2

[Event "7th EUR-ch"]
[Site "Kusadasi TUR"]
[Date "2006.04.15"]
[Round "11.58"]
[White "Saric, Ante"]
[Black "Guliev, Logman"]
[Result "1/2-1/2"]
[WhiteElo "2474"]
[BlackElo "2384"]
[EventDate "2006.04.04"]
[PlyCount "100"]

1.Nf3 Nf6 2.g3 g6 3.b3 Bg7 4.Bb2 O-O 5.Bg2 d5 6.c4 c5 7.cxd5 Nxd5 8.Bxg7 
Kxg7 9.O-O Nc6 10.d4 cxd4 11.Nxd4 Nxd4 12.Qxd4+ Nf6 13.Qe5 Qb6 14.Nc3 Qd6 
15.Qxd6 exd6 16.Rfd1 Rd8 17.Rac1 Rb8 18.Nb5 d5 19.Rc7 a6 20.Nd4 Bd7 21.h3 
Rdc8 22.Rdc1 Kf8 23.g4 h6 24.f4 Ke7 25.Kf2 Rxc7 26.Rxc7 Kd6 27.Rc2 Re8 28.
e3 g5 29.Ne2 Rg8 30.Rd2 Re8 31.Ng3 Rc8 32.fxg5 hxg5 33.e4 Rc3 34.Bf3 Bb5 
35.Nf5+ Ke5 36.exd5 Bd3 37.Ng3 Rc2 38.Rxc2 Bxc2 39.d6 b6 40.Nh5 Nd7 41.Ke3
Bb1 42.a3 Kxd6 43.Ng3 Ke5 44.Nf1 f5 45.gxf5 Bxf5 46.Bg2 Nf6 47.Nd2 Nd5+ 
48.Bxd5 Kxd5 49.Nf3 Bxh3 50.Nxg5 Bf5 1/2-1/2

[Event "7th EUR-ch"]
[Site "Kusadasi TUR"]
[Date "2006.04.15"]
[Round "11.59"]
[White "Simeonidis, Ioannis"]
[Black "Kosintseva, Nadezhda"]
[Result "0-1"]
[WhiteElo "2307"]
[BlackElo "2469"]
[EventDate "2006.04.04"]
[PlyCount "56"]

1.Nf3 d5 2.d4 Nf6 3.c4 e6 4.Nc3 Be7 5.Bg5 h6 6.Bh4 O-O 7.e3 b6 8.Bd3 Bb7 
9.O-O Nbd7 10.Bg3 c5 11.cxd5 Nxd5 12.Nxd5 Bxd5 13.e4 Bb7 14.Rc1 Nf6 15.Qe2
Rc8 16.dxc5 Rxc5 17.Rxc5 Bxc5 18.Bh4 Qc7 19.Bxf6 gxf6 20.Ba6 Ba8 21.Qd2 
Kg7 22.Rc1 Rd8 23.Qc3 Qf4 24.b4 Bxb4 25.Qb2 Bxe4 26.Be2 Bxf3 27.Bxf3 Rd2 
28.Rc2 Qe4 0-1

[Event "7th EUR-ch"]
[Site "Kusadasi TUR"]
[Date "2006.04.15"]
[Round "11.61"]
[White "Yagiz, Yasin Emrah"]
[Black "Vuilleumier, Alex"]
[Result "0-1"]
[WhiteElo "2320"]
[BlackElo "2354"]
[EventDate "2006.04.04"]
[PlyCount "126"]

1.d4 Nf6 2.c4 c5 3.d5 e6 4.Nc3 exd5 5.cxd5 d6 6.e4 g6 7.f4 Bg7 8.Bb5+ Nbd7
9.e5 dxe5 10.fxe5 Nh5 11.e6 Qh4+ 12.g3 Nxg3 13.hxg3 Qxh1 14.Be3 Bxc3+ 15.
bxc3 a6 16.exd7+ Bxd7 17.Bxd7+ Kxd7 18.Qa4+ b5 19.Qf4 Rhe8 20.O-O-O Qe4 
21.Qxe4 Rxe4 22.Bxc5 Rc8 23.Bd4 Kd6 24.Nf3 Rxd4 25.Nxd4 Rxc3+ 26.Kd2 Rxg3 
27.Ne2 Ra3 28.Kc1 Rxa2 29.Nc3 Ra1+ 30.Nb1 b4 31.Rf1 f5 32.Rh1 Ra2 33.Nd2 
Ra1+ 34.Nb1 Ra2 35.Nd2 Kxd5 36.Rxh7 Ke5 37.Rg7 Kf6 38.Rb7 a5 39.Nf3 f4 40.
Rb5 Ra3 41.Ne5 g5 42.Kd2 b3 43.Nc4 Ra2+ 44.Kd3 a4 45.Ke4 Re2+ 46.Kf3 Rc2 
47.Nb6 a3 48.Rxb3 a2 49.Ra3 Rc3+ 50.Rxc3 a1=Q 51.Rc6+ Kf5 52.Rc5+ Kg6 53.
Nc4 Qf1+ 54.Ke4 Qe2+ 55.Kd4 Kh5 56.Ne5 Qe3+ 57.Kd5 Kh4 58.Rc4 Kg3 59.Rd4 
Qb3+ 60.Ke4 Qc2+ 61.Kd5 g4 62.Nc4 Qf5+ 63.Ne5 f3 0-1

[Event "7th EUR-ch"]
[Site "Kusadasi TUR"]
[Date "2006.04.15"]
[Round "11.62"]
[White "Lanzani, Mario"]
[Black "Makolli, Perparim"]
[Result "1/2-1/2"]
[WhiteElo "2347"]
[BlackElo "2251"]
[EventDate "2006.04.04"]
[PlyCount "66"]

1.e4 c5 2.Nf3 e6 3.d4 cxd4 4.Nxd4 a6 5.Bd3 Nf6 6.O-O Qc7 7.Qe2 d6 8.c4 g6 
9.Nc3 Bg7 10.Rd1 O-O 11.Nf3 Nbd7 12.Bf4 Ne5 13.Rac1 b6 14.b3 Bb7 15.Bb1 
Rfd8 16.Qd2 Nxf3+ 17.gxf3 Ne8 18.Bg5 Rdc8 19.Na4 Bc6 20.Nc3 Rab8 21.Nd5 
Bxd5 22.cxd5 Qd7 23.a4 exd5 24.exd5 Qh3 25.Qe3 Bb2 26.Rc6 Ng7 27.Bf4 Re8 
28.Qd2 Qxf3 29.Bxd6 Be5 30.Bxb8 Qg4+ 31.Kh1 Qf3+ 32.Kg1 Qg4+ 33.Kh1 Qf3+ 
1/2-1/2

[Event "7th EUR-ch"]
[Site "Kusadasi TUR"]
[Date "2006.04.15"]
[Round "11.63"]
[White "Erturan, Yakup"]
[Black "Duman, Aydin"]
[Result "1-0"]
[WhiteElo "2353"]
[BlackElo "2241"]
[EventDate "2006.04.04"]
[PlyCount "53"]

1.e4 c5 2.Nf3 g6 3.c4 Bg7 4.d4 cxd4 5.Nxd4 Nc6 6.Be3 Nf6 7.Nc3 O-O 8.Be2 
b6 9.O-O Bb7 10.f3 e6 11.Nxc6 Bxc6 12.Qd6 Ne8 13.Qd2 f5 14.Rad1 fxe4 15.
Nxe4 d5 16.Ng5 Nc7 17.Nxe6 Nxe6 18.cxd5 Bxd5 19.Qxd5 Qxd5 20.Rxd5 Bxb2 21.
Bc4 Rac8 22.Bb3 Rc6 23.Rd7 Rf7 24.Rfd1 Rxd7 25.Rxd7 Kh8 26.Bd5 Rc3 27.Bd2 
1-0

[Event "7th EUR-ch"]
[Site "Kusadasi TUR"]
[Date "2006.04.15"]
[Round "11.68"]
[White "Almond, Richard"]
[Black "De Lange, Hans"]
[Result "1-0"]
[WhiteElo "2093"]
[BlackElo "1901"]
[EventDate "2006.04.04"]
[PlyCount "79"]

1.d4 Nf6 2.c4 d6 3.Nf3 g6 4.Nc3 Bg7 5.e4 O-O 6.Be2 e5 7.O-O Nc6 8.d5 Ne7 
9.Ne1 Ne8 10.Be3 f5 11.f3 f4 12.Bf2 g5 13.c5 Nf6 14.Rc1 Ng6 15.cxd6 cxd6 
16.Nb5 g4 17.Nc7 g3 18.Nxa8 Nh5 19.Kh1 Qh4 20.Bg1 Bh3 21.Nc7 gxh2 22.Bf2 
Ng3+ 23.Bxg3 fxg3 24.Ne6 Bh6 25.Rc3 Re8 26.Qc2 Rxe6 27.dxe6 Nf4 28.Bc4 
Bxe6 29.Bxe6+ Nxe6 30.Qb3 Qf6 31.Rc8+ Kg7 32.Re8 Nf8 33.Qxb7+ Kg6 34.Qc8 
Qf7 35.Nd3 Qxa2 36.Qf5+ Kg7 37.Qxf8+ Kg6 38.Qxd6+ Kh5 39.Rxe5+ Bg5 40.Nf4+
1-0